Disney Film Sidekick Quiz Stats

 Plays Quiz not verified by Sporcle

Score 0/16 Timer 05:00
0 Plays Today
Person Sidekick % Correct
JafarIago
88.7%
GastonLefou
86.8%
AladdinAbu
67%
BambiThumper
66%
Peter PanTTinkerbell
63.2%
RapunzelPascal
58.5%
HerculesPegasus
54.7%
TarzanTerk and Tantor
53.8%
Person Sidekick % Correct
MulanMushu
53.8%
SimbaTimon and Pumbaa
49.1%
PocahontasMeeko and Flit
47.2%
ArielFlounder and Sebastian
40.6%
CinderellaJaq and Gus
39.6%
AuroraFlora, Fauna and Merryweather
36.8%
MarvinDori
12.3%
11.3%

You're not logged in!

Compare scores with friends on all Sporcle quizzes.
OR
Log In

Show Comments

Extras

Created Feb 20, 2012ReportNominate
Tags:Disney Quiz, person, sidekick

Top Quizzes Today


Score Distribution

Your Account Isn't Verified!

In order to create a playlist on Sporcle, you need to verify the email address you used during registration. Go to your Sporcle Settings to finish the process.

Report this User

Report this user for behavior that violates our Community Guidelines.

Details: